[Event "COL pre olympic sf3"]
[Site "Dosquebradas"]
[Date "2018.06.03"]
[Round "9"]
[White "Raigosa, Andrea"]
[Black "Buitrago, Juan Carlos"]
[Result "0-1"]
[WhiteElo "1809"]
[BlackElo "2018"]
[PlyCount "102"]
[EventDate "2018.05.30"]
[EventType "swiss"]
[EventRounds "10"]
[EventCountry "COL"]
[SourceTitle "CBM 184 Extra"]
[Source "ChessBase"]
[SourceDate "2018.06.28"]
[SourceVersion "1"]
[SourceVersionDate "2018.06.28"]
[SourceQuality "1"]

1. d4 d5 2. c4 e6 3. Nc3 Nf6 4. g3 Be7 5. Bg2 c6 6. Nf3 0-0 7. 0-0 Nbd7 8. c5 b6 9. b4 a5 10. cxb6 axb4 11. Na4 Nxb6 12. Nc5 Nfd7 13. Nd3 Nc4 14. Qb3 c5 15. dxc5 Nxc5 16. Nxc5 Bxc5 17. e4 Bb7 18. Nd2 Nxd2 19. Bxd2 dxe4 20. Bxb4 Bd5 21. Qc3 Bxb4 22. Qxb4 Qa5 23. a3 Qxb4 24. axb4 Rab8 25. Rab1 Rb6 26. Rfe1 f5 27. Rb2 Rfb8 28. Reb1 Bc4 29. Bf1 Bd3 30. Bxd3 exd3 31. Kf1 e5 32. f3 Kf7 33. Ke1 Ke6 34. Kd2 e4 35. fxe4 fxe4 36. Ke3 Ke5 37. b5 Rf8 38. Rb4 Rf3+ 39. Kd2 Rf2+ 40. Kc3 Rc2+ 41. Kb3 Rxh2 42. Re1 Re2 43. Ra1 d2 44. Rd1 e3 45. Kc2 Re1 46. Rb3 Ke4 47. Rbb1 Rxd1 48. Kxd1 Kf3 49. Rb3 Kf2 50. Rb1 Rd6 51. b6 e2+ 0-1

[Event "COL pre olympic sf3"]
[Site "Dosquebradas"]
[Date "2018.05.31"]
[Round "3"]
[White "Raigosa, Andrea"]
[Black "Lopez Idarraga, Daniel Eduardo"]
[Result "0-1"]
[WhiteElo "1809"]
[BlackElo "2045"]
[PlyCount "94"]
[EventDate "2018.05.30"]
[EventType "swiss"]
[EventRounds "10"]
[EventCountry "COL"]
[SourceTitle "CBM 184 Extra"]
[Source "ChessBase"]
[SourceDate "2018.06.28"]
[SourceVersion "1"]
[SourceVersionDate "2018.06.28"]
[SourceQuality "1"]

1. d4 c5 2. Nf3 cxd4 3. Nxd4 Nc6 4. g3 g6 5. Bg2 Bg7 6. Nxc6 bxc6 7. c4 Nf6 8. Nc3 0-0 9. 0-0 Rb8 10. Rb1 c5 11. b3 d6 12. Bb2 Bf5 13. Rc1 Qc8 14. Qd2 Bh3 15. Nd5 Nxd5 16. Bxg7 Bxg2 17. Bxf8 Bxf1 18. Qxd5 Qxf8 19. Rxf1 Qg7 20. Qd2 Rb4 21. Qd5 Rb8 22. Qd2 Qe5 23. Qa5 Qe4 24. Rd1 Kg7 25. Rd3 Rb7 26. Re3 Qb1+ 27. Kg2 Qf5 28. Qd8 Qd7 29. Qxd7 Rxd7 30. Rd3 a5 31. a3 Rb7 32. e4 a4 33. bxa4 Ra7 34. e5 dxe5 35. Rd5 Kf6 36. Rxc5 Rxa4 37. Rb5 Rxa3 38. c5 Rc3 39. Rb6+ Kf5 40. g4+ Kxg4 41. Rb7 Kf5 42. Rxe7 Kf6 43. Rc7 h5 44. Rc6+ Kf5 45. Rc8 e4 46. Rf8 f6 47. Rc8 Rc2 0-1

[Event "COL-ch (Women)"]
[Site "Quibdo"]
[Date "2015.11.11"]
[Round "3"]
[White "Raigosa, Andrea"]
[Black "Cespedes Galindo, Estefania"]
[Result "1-0"]
[WhiteElo "1800"]
[BlackElo "1698"]
[PlyCount "51"]
[EventDate "2015.11.10"]
[EventType "swiss"]
[EventRounds "9"]
[EventCountry "COL"]
[SourceTitle "CBM 169 Extra"]
[Source "ChessBase"]
[SourceDate "2015.12.18"]
[SourceVersion "1"]
[SourceVersionDate "2015.12.18"]
[SourceQuality "1"]

1. d4 Nf6 2. Nf3 e6 3. Bg5 Be7 4. e3 d5 5. Bd3 b6 6. Qe2 Nbd7 7. Nbd2 Bb7 8. 0-0-0 0-0 9. Rdg1 c5 10. c3 c4 11. Bc2 b5 12. g4 b4 13. h4 bxc3 14. bxc3 Qa5 15. Ne5 Qxc3 16. Bxf6 Ba3+ 17. Kd1 Nxf6 18. Nb1 Qa5 19. g5 Ne8 20. Qh5 g6 21. Qh6 Nd6 22. h5 Nf5 23. Bxf5 exf5 24. hxg6 Qa4+ 25. Ke2 Qc2+ 26. Nd2 1-0

[Event "Bogota University op 9th"]
[Site "Bogota"]
[Date "2015.10.10"]
[Round "6"]
[White "Nieto, Manuel Valerio Wald"]
[Black "Raigosa, Andrea"]
[Result "1-0"]
[WhiteElo "2104"]
[BlackElo "1814"]
[PlyCount "51"]
[EventDate "2015.10.08"]
[EventType "swiss"]
[EventRounds "9"]
[EventCountry "COL"]
[SourceTitle "CBM 168 Extra"]
[Source "ChessBase"]
[SourceDate "2015.10.29"]
[SourceVersion "1"]
[SourceVersionDate "2015.10.29"]
[SourceQuality "1"]

1. d4 e6 2. c4 d5 3. Nf3 Nf6 4. Nc3 c5 5. cxd5 Nxd5 6. e4 Nxc3 7. bxc3 cxd4 8. cxd4 Nc6 9. Bc4 Bb4+ 10. Bd2 Qa5 11. Rb1 Bxd2+ 12. Qxd2 Qxd2+ 13. Kxd2 0-0 14. Bb5 Na5 15. Rhc1 b6 16. Rc7 Bb7 17. Ke3 Rac8 18. Rbc1 Rxc7 19. Rxc7 Rc8 20. Rd7 Kf8 21. Ng5 h6 22. Nxf7 Rc3+ 23. Kf4 g5+ 24. Ke5 Rc2 25. f3 Rxg2 26. Kf6 1-0

[Event "COL-ch Universities (Women)"]
[Site "Bogota"]
[Date "2015.10.06"]
[Round "3"]
[White "Galvis Pedraza, Maryory"]
[Black "Raigosa, Andrea"]
[Result "1-0"]
[WhiteElo "1760"]
[BlackElo "1814"]
[PlyCount "49"]
[EventDate "2015.10.05"]
[EventType "swiss"]
[EventRounds "6"]
[EventCountry "COL"]
[SourceTitle "CBM 168 Extra"]
[Source "ChessBase"]
[SourceDate "2015.10.29"]
[SourceVersion "1"]
[SourceVersionDate "2015.10.29"]
[SourceQuality "1"]

1. e4 e6 2. d4 d5 3. e5 c5 4. c3 Qb6 5. a3 Nc6 6. Nf3 Bd7 7. b4 cxd4 8. cxd4 Nge7 9. Nc3 Nf5 10. Be3 Be7 11. Na4 Qd8 12. Nc5 Rb8 13. Rc1 0-0 14. Bd3 f6 15. 0-0 fxe5 16. Bxf5 Rxf5 17. dxe5 b6 18. Nxe6 Bxe6 19. Rxc6 Bc8 20. Qc2 Qf8 21. Rc7 g6 22. Qc6 Rxf3 23. gxf3 Qxf3 24. Rxc8+ Kg7 25. Qe6 1-0

[Event "COL-ch Universities (Women)"]
[Site "Bogota"]
[Date "2015.10.05"]
[Round "1"]
[White "Gonzalez, Angela Orfilia"]
[Black "Raigosa, Andrea"]
[Result "0-1"]
[WhiteElo "2007"]
[BlackElo "1814"]
[PlyCount "90"]
[EventDate "2015.10.05"]
[EventType "swiss"]
[EventRounds "6"]
[EventCountry "COL"]
[SourceTitle "CBM 168 Extra"]
[Source "ChessBase"]
[SourceDate "2015.10.29"]
[SourceVersion "1"]
[SourceVersionDate "2015.10.29"]
[SourceQuality "1"]

1. e4 e6 2. d4 d5 3. exd5 exd5 4. Nf3 Bd6 5. c4 dxc4 6. Bxc4 Bg4 7. Be3 Ne7 8. h3 Bh5 9. Bg5 Nd7 10. Nbd2 Nb6 11. Bb3 Bb4 12. 0-0 0-0 13. a3 Ba5 14. Qc1 Kh8 15. Bd1 f6 16. Bh4 Nbd5 17. Nc4 Bb6 18. Nxb6 Nxb6 19. Bg3 c6 20. Nd2 Bxd1 21. Qxd1 Qxd4 22. Rb1 Rad8 23. Nf3 Qxd1 24. Rbxd1 Ned5 25. b3 Nc3 26. Rxd8 Rxd8 27. Re1 Rd1 28. Rxd1 Nxd1 29. Nd2 Kg8 30. Ne4 Nd5 31. Kf1 N1c3 32. Nd6 b6 33. Nc4 Kf7 34. Ke1 Ke6 35. f3 Nb5 36. Bh2 Nd4 37. b4 b5 38. Na5 Ne3 39. Kf2 Nec2 40. Nb7 Nxa3 41. Bb8 a6 42. Nc5+ Kd5 43. Nxa6 Nac2 44. Ba7 Ne6 45. Ke2 Kc4 0-1

[Event "Pereira Forero Cup 2nd"]
[Site "Pereira"]
[Date "2015.04.18"]
[Round "3"]
[White "Raigosa, Andrea"]
[Black "Arango, Jesus Eduardo"]
[Result "0-1"]
[WhiteElo "1825"]
[BlackElo "1667"]
[PlyCount "88"]
[EventDate "2015.04.17"]
[EventType "swiss"]
[EventRounds "5"]
[EventCountry "COL"]
[SourceTitle "CBM 166 Extra"]
[Source "ChessBase"]
[SourceDate "2015.06.18"]
[SourceVersion "1"]
[SourceVersionDate "2015.06.18"]
[SourceQuality "1"]

1. e4 c6 2. d4 d5 3. exd5 cxd5 4. Bd3 Nc6 5. Ne2 Bg4 6. f3 Bh5 7. c3 e6 8. Nf4 Bg6 9. Nxg6 hxg6 10. Bf4 Bd6 11. Bxd6 Qxd6 12. g3 Nge7 13. Qe2 Rc8 14. Nd2 Nf5 15. Bxf5 gxf5 16. Nb3 f4 17. g4 Qe7 18. Kd2 Rh3 19. Rae1 Kd8 20. Nc5 Kc7 21. Nd3 Rch8 22. b4 Qh4 23. b5 Na5 24. Qe5+ Kc8 25. Qxf4 Rxh2+ 26. Rxh2 Qxh2+ 27. Qxh2 Rxh2+ 28. Re2 Nc4+ 29. Kd1 Rxe2 30. Kxe2 Kc7 31. a4 Kb6 32. Nc5 a6 33. a5+ Nxa5 34. bxa6 bxa6 35. f4 Nb7 36. Na4+ Kb5 37. Nb2 Nd6 38. Kd3 a5 39. Kc2 Nc4 40. Nd1 a4 41. Kb1 Nd2+ 42. Kc2 a3 43. Ne3 Nc4 44. Nxc4 Kxc4 0-1

[Event "COL-ch U20 Girls"]
[Site "Bogota"]
[Date "2014.03.14"]
[Round "4"]
[White "Raigosa, Andrea"]
[Black "Mesa, Brenda Sofia"]
[Result "0-1"]
[WhiteElo "1831"]
[BlackElo "1830"]
[PlyCount "42"]
[EventDate "2014.03.13"]
[EventType "swiss"]
[EventRounds "7"]
[EventCountry "COL"]
[SourceTitle "CBM 159 Extra"]
[Source "ChessBase"]
[SourceDate "2014.04.24"]
[SourceVersion "1"]
[SourceVersionDate "2014.04.24"]
[SourceQuality "1"]

1. d4 Nf6 2. c4 g6 3. Nc3 Bg7 4. e4 d6 5. f3 0-0 6. Be3 Nbd7 7. Bd3 c5 8. d5 Ne5 9. Nge2 Qb6 10. b3 Nxd3+ 11. Qxd3 Nd7 12. 0-0 Ne5 13. Qd2 f5 14. Bh6 a5 15. Bxg7 Kxg7 16. Na4 Qd8 17. Qc3 Kg8 18. f4 Nf7 19. e5 dxe5 20. fxe5 Qc7 21. e6 Nd6 0-1

[Event "COL-ch sf (Women)"]
[Site "Medellin"]
[Date "2014.??.??"]
[Round "6"]
[White "Argote Heredia, Valentina"]
[Black "Raigosa, Andrea"]
[Result "1/2-1/2"]
[WhiteElo "1875"]
[BlackElo "1816"]
[PlyCount "89"]
[EventDate "2014.04.15"]
[EventType "swiss"]
[EventRounds "9"]
[EventCountry "COL"]
[SourceTitle "CBM 160 Extra"]
[Source "ChessBase"]
[SourceDate "2014.07.01"]
[SourceVersion "1"]
[SourceVersionDate "2014.07.01"]
[SourceQuality "1"]

1. e4 e6 2. d4 d5 3. exd5 exd5 4. c4 Nf6 5. Nc3 Be6 6. Bg5 Bb4 7. Qb3 Qe7 8. c5 Bxc3+ 9. bxc3 0-0 10. Be2 b6 11. Nf3 bxc5 12. dxc5 Qxc5 13. Bxf6 gxf6 14. 0-0 Nd7 15. Nd4 Ne5 16. f4 Nc6 17. Rad1 Bf5 18. Qb5 Qxb5 19. Nxb5 Ne7 20. Rf3 c6 21. Nd6 Be4 22. Nxe4 dxe4 23. Re3 f5 24. Rd7 Nd5 25. Rg3+ Kh8 26. c4 Nxf4 27. Kf2 Nxe2 28. Kxe2 a5 29. Ke3 Rad8 30. Rc7 Rd3+ 31. Kf4 Rxg3 32. hxg3 Re8 33. Ke3 Kg7 34. Rxc6 Rd8 35. Rc5 Kg6 36. Rxa5 Rd3+ 37. Kf4 Rd2 38. g4 fxg4 39. Rg5+ Kf6 40. Rxg4 Rc2 41. Ke3 Rxc4 42. Rxe4 Rc2 43. Rf4+ Ke5 44. Rf2 Rc3+ 45. Kd2 1/2-1/2

[Event "COL-ch sf (Women)"]
[Site "Medellin"]
[Date "2014.??.??"]
[Round "9"]
[White "Chamorro, Geraldine"]
[Black "Raigosa, Andrea"]
[Result "0-1"]
[WhiteElo "1579"]
[BlackElo "1816"]
[PlyCount "129"]
[EventDate "2014.04.15"]
[EventType "swiss"]
[EventRounds "9"]
[EventCountry "COL"]
[SourceTitle "CBM 160 Extra"]
[Source "ChessBase"]
[SourceDate "2014.07.01"]
[SourceVersion "1"]
[SourceVersionDate "2014.07.01"]
[SourceQuality "1"]

1. e4 e6 2. d4 d5 3. exd5 exd5 4. Nf3 Bd6 5. Nc3 Ne7 6. Bd3 Bg4 7. h3 Bh5 8. Be3 Nbc6 9. a3 f6 10. g4 Bg6 11. Bb5 Qd7 12. Qe2 a6 13. Ba4 Bf7 14. 0-0-0 0-0-0 15. Ne1 g5 16. Nd3 h5 17. f4 gxf4 18. Nxf4 hxg4 19. Qxg4 Qxg4 20. hxg4 Rxh1 21. Rxh1 b5 22. Bb3 Bxf4 23. Bxf4 Nxd4 24. Ba2 Bg6 25. Bb1 Ne6 26. Bg3 Nc5 27. Ne2 Ne4 28. Bf4 Nf2 29. Rg1 Nh3 30. Re1 Re8 31. Bg3 Nc6 32. c3 Bxb1 33. Kxb1 Ng5 34. Nf4 Rxe1+ 35. Bxe1 Nf3 36. Bg3 Ne7 37. Nh5 Nd2+ 38. Kc2 Ne4 39. Bh4 Ng8 40. Kd3 Kd7 41. Ke3 Ke7 42. Kf4 Kf7 43. Ke3 c6 44. Kd4 Nh6 45. Ng3 Nxg3 46. Bxg3 Nxg4 47. Kc5 Ne5 48. Kd6 Nc4+ 49. Kxc6 Ke6 50. Kb7 Nxb2 51. Kxa6 Nc4 52. Kxb5 Nxa3+ 53. Kc5 Nc2 54. Kc6 Ne3 55. Kc5 Nc2 56. Kc6 Ne3 57. Kc5 Nf1 58. Bf4 Kf5 59. Bc7 Ke4 60. c4 d4 61. Kb5 d3 62. Ba5 f5 63. c5 Ne3 64. Bd2 Nd5 65. Ka4 0-1

[Event "COL-ch sf (Women)"]
[Site "Medellin"]
[Date "2014.??.??"]
[Round "7"]
[White "Raigosa, Andrea"]
[Black "Baquero, Yuri Paola"]
[Result "1/2-1/2"]
[WhiteElo "1816"]
[BlackElo "1800"]
[PlyCount "30"]
[EventDate "2014.04.15"]
[EventType "swiss"]
[EventRounds "9"]
[EventCountry "COL"]
[SourceTitle "CBM 160 Extra"]
[Source "ChessBase"]
[SourceDate "2014.07.01"]
[SourceVersion "1"]
[SourceVersionDate "2014.07.01"]
[SourceQuality "1"]

1. d4 e6 2. c4 Nf6 3. Nc3 d5 4. Bg5 Be7 5. g3 h6 6. Bc1 0-0 7. cxd5 exd5 8. Bg2 c6 9. Nf3 Bb4 10. 0-0 Re8 11. Qc2 Qb6 12. e3 Bxc3 13. bxc3 Be6 14. Ne5 Nfd7 15. Nxd7 Bxd7 1/2-1/2

[Event "COL-ch sf (Women)"]
[Site "Medellin"]
[Date "2014.??.??"]
[Round "3"]
[White "Raigosa, Andrea"]
[Black "Chirivi Castiblanco, Angie Lizeth"]
[Result "1/2-1/2"]
[WhiteElo "1816"]
[BlackElo "2037"]
[PlyCount "130"]
[EventDate "2014.04.15"]
[EventType "swiss"]
[EventRounds "9"]
[EventCountry "COL"]
[SourceTitle "CBM 160 Extra"]
[Source "ChessBase"]
[SourceDate "2014.07.01"]
[SourceVersion "1"]
[SourceVersionDate "2014.07.01"]
[SourceQuality "1"]

1. d4 Nf6 2. c4 g6 3. Nc3 d5 4. cxd5 Nxd5 5. e4 Nxc3 6. bxc3 Bg7 7. Bc4 c5 8. Ne2 0-0 9. 0-0 Nc6 10. Be3 Qc7 11. Qc2 Na5 12. Bb3 c4 13. Ba4 a6 14. Qc1 b5 15. Bc2 Nb7 16. Bh6 Nd6 17. Bxg7 Kxg7 18. Ng3 e6 19. e5 Nf5 20. Nxf5+ exf5 21. Bd1 Bb7 22. f4 Rad8 23. a3 Be4 24. Qe3 a5 25. Bf3 Bd3 26. Be2 Bxe2 27. Qxe2 b4 28. axb4 axb4 29. cxb4 Rxd4 30. Rad1 Rfd8 31. Rxd4 Rxd4 32. Qe3 Rd3 33. Qc5 Qxc5+ 34. bxc5 Rd5 35. Rc1 Rxc5 36. Kf2 f6 37. exf6+ Kxf6 38. Ke3 Rc8 39. Rc2 Re8+ 40. Kd2 Re4 41. g3 h5 42. h4 Ke6 43. Rc3 Kd5 44. Ra3 Kd4 45. Ra6 c3+ 46. Kc1 Kd3 47. Rd6+ Rd4 48. Rxg6 c2 49. Rc6 Ra4 50. Rd6+ Ke3 51. Kxc2 Kf3 52. Rg6 Ra2+ 53. Kd3 Rg2 54. Rg5 Rxg3 55. Rxf5 Kg4+ 56. Ke4 Kxh4 57. Rf8 Kh3 58. f5 Rg4+ 59. Ke3 h4 60. f6 Rg6 61. f7 Rf6 62. Ke4 Rf1 63. Ke5 Re1+ 64. Kf6 Rf1+ 65. Ke6 Re1+ 1/2-1/2

[Event "COL-ch sf (Women)"]
[Site "Medellin"]
[Date "2014.??.??"]
[Round "4"]
[White "Salcedo, Diana"]
[Black "Raigosa, Andrea"]
[Result "1-0"]
[WhiteElo "1991"]
[BlackElo "1816"]
[PlyCount "43"]
[EventDate "2014.04.15"]
[EventType "swiss"]
[EventRounds "9"]
[EventCountry "COL"]
[SourceTitle "CBM 160 Extra"]
[Source "ChessBase"]
[SourceDate "2014.07.01"]
[SourceVersion "1"]
[SourceVersionDate "2014.07.01"]
[SourceQuality "1"]

1. c4 e6 2. Nc3 Nf6 3. e4 d5 4. e5 d4 5. exf6 dxc3 6. bxc3 Qxf6 7. Nf3 b6 8. d4 Bb7 9. Be2 h6 10. 0-0 Be7 11. Ne5 0-0 12. Bd3 c5 13. Qe2 Rd8 14. Be4 Bxe4 15. Qxe4 Na6 16. Qb7 cxd4 17. Nc6 Nc5 18. Qxe7 Qxe7 19. Nxe7+ Kf8 20. Nc6 Rdc8 21. cxd4 Rxc6 22. dxc5 1-0

[Event "Risaralda Province-ch"]
[Site "Pereira"]
[Date "2013.11.30"]
[Round "4"]
[White "Raigosa, Andrea"]
[Black "Torres, Saulo de Jesus"]
[Result "0-1"]
[WhiteElo "1843"]
[BlackElo "1873"]
[PlyCount "116"]
[EventDate "2013.11.27"]
[EventType "swiss"]
[EventRounds "7"]
[EventCountry "COL"]
[SourceTitle "EXT 2018"]
[Source "ChessBase"]
[SourceDate "2017.10.13"]
[SourceVersion "1"]
[SourceVersionDate "2017.10.13"]
[SourceQuality "1"]

1. e4 c5 2. Nc3 g6 3. f4 Bg7 4. Nf3 a6 5. d3 e6 6. g3 Ne7 7. Bg2 0-0 8. 0-0 Nbc6 9. h3 d5 10. e5 Nf5 11. Qe1 b5 12. Ne2 f6 13. g4 Nfd4 14. Nexd4 Nxd4 15. Nxd4 cxd4 16. b3 fxe5 17. fxe5 Rxf1+ 18. Bxf1 Qc7 19. Bf4 Bb7 20. Qe2 Rc8 21. Rc1 Rf8 22. Bg3 Bh6 23. Ra1 Rc8 24. a4 Qxc2 25. Qxc2 Rxc2 26. axb5 axb5 27. Ra7 Be3+ 28. Kh1 Rc7 29. h4 g5 30. hxg5 Bxg5 31. Bf2 Rf7 32. Kg2 Be3 33. Bh4 Kg7 34. Bf6+ Kg6 35. Kf3 Bg5 36. Kg3 Bxf6 37. exf6 Kxf6 38. Bh3 Kg5 39. b4 e5 40. Bg2 Kg6 41. Ra5 Bc6 42. Ra6 Rf6 43. Kh4 h6 44. Rb6 Re6 45. Bf3 Bd7 46. Rb7 Rd6 47. Rb8 Bc6 48. Rb6 Re6 49. Bg2 Kg7 50. Bf3 Bd7 51. Rb7 Rd6 52. Rb8 Bc6 53. Rb6 Re6 54. Bg2 Kf6 55. Kh5 Be8+ 56. Kxh6 Rxb6 57. Bxd5 Ke7+ 58. Kg5 Bg6 0-1

[Event "Risaralda Province-ch"]
[Site "Pereira"]
[Date "2013.11.28"]
[Round "2"]
[White "Raigosa, Andrea"]
[Black "Lotero, Camilo"]
[Result "0-1"]
[WhiteElo "1843"]
[BlackElo "2130"]
[PlyCount "76"]
[EventDate "2013.11.27"]
[EventType "swiss"]
[EventRounds "7"]
[EventCountry "COL"]
[SourceTitle "EXT 2018"]
[Source "ChessBase"]
[SourceDate "2017.10.13"]
[SourceVersion "1"]
[SourceVersionDate "2017.10.13"]
[SourceQuality "1"]

1. d4 Nf6 2. c4 c5 3. d5 e6 4. Nc3 exd5 5. cxd5 d6 6. Bf4 g6 7. e3 a6 8. Bd3 Bg7 9. Nge2 b5 10. 0-0 0-0 11. Rb1 Re8 12. Ng3 b4 13. Nce4 Nxd5 14. Bxd6 Be6 15. Bxb8 Rxb8 16. Nxc5 Bc8 17. Nxa6 Ra8 18. Bc4 Bxa6 19. Qxd5 Qxd5 20. Bxd5 Bxf1 21. Bxa8 Rxa8 22. Kxf1 Rxa2 23. b3 f5 24. Ne2 Kf7 25. Ke1 Be5 26. Rd1 Rb2 27. Nc1 h5 28. Kf1 Ke6 29. Nd3 Ra2 30. Nxb4 Ra3 31. Nd3 Bd6 32. Rb1 g5 33. Ke2 Bxh2 34. Rh1 Ra2+ 35. Kd1 Ra1+ 36. Nc1 Bd6 37. Kc2 Ba3 38. Kd2 h4 0-1

[Event "Bogota Students-ch (Women) 22th"]
[Site "Bogota"]
[Date "2013.11.05"]
[Round "6"]
[White "Raigosa, Andrea"]
[Black "Arango, Maria Carolina"]
[Result "1-0"]
[WhiteElo "1843"]
[BlackElo "1725"]
[PlyCount "115"]
[EventDate "2013.11.03"]
[EventType "swiss"]
[EventRounds "6"]
[EventCountry "COL"]
[SourceTitle "EXT 2014"]
[Source "ChessBase"]
[SourceDate "2013.11.20"]
[SourceVersion "1"]
[SourceVersionDate "2013.11.20"]
[SourceQuality "1"]

1. e4 e5 2. Nf3 Nc6 3. Bb5 g6 4. 0-0 Bg7 5. c3 d6 6. d4 Bd7 7. Be3 Nge7 8. Nbd2 a6 9. Ba4 0-0 10. d5 Na7 11. Bxd7 Qxd7 12. Kh1 f5 13. Ng1 f4 14. Bxa7 Rxa7 15. f3 Raa8 16. Qe1 Kh8 17. Qh4 Bf6 18. Qf2 Nc8 19. Qe1 Nb6 20. Nh3 Na4 21. Rb1 Nc5 22. Nf2 Bh4 23. Qe2 Qg7 24. Rg1 Qh6 25. Ng4 Qg7 26. Nf2 Nd7 27. Nf1 Rf7 28. b4 Qf8 29. a4 Nb6 30. a5 Nc4 31. Nd1 Na3 32. Ra1 Nb5 33. Nd2 Bg3 34. Nf1 Bh4 35. Rc1 Rc8 36. Nd2 Bg3 37. Nf2 Bh4 38. Nb3 Be7 39. Qd2 h5 40. c4 Na7 41. Qe2 g5 42. Rc3 Qh6 43. Nd2 Rg7 44. b5 axb5 45. cxb5 Nxb5 46. Qxb5 g4 47. Qe2 g3 48. hxg3 Rxg3 49. Nf1 Rg6 50. Nh3 Qg7 51. Rc2 Bh4 52. Qb5 Ra8 53. Qxb7 Rxa5 54. Rxc7 Qh6 55. Rc8+ Rg8 56. Rxg8+ Kxg8 57. Qc8+ Kh7 58. Qc7+ 1-0